000 01134cam a2200349 a 4500
999 _c92454
_d92454
001 4818387
003 CITU
005 20250903092354.0
008 250903b ||||| |||| 00| 0 eng d
010 _a 89030692
020 _a0201156768
020 _a9780201156768
035 _a4818387
040 _aCITU LRAC
_cDLC
_dDLC
_dOCoLC
_dDLC
_beng
041 _aeng
050 0 0 _aQC174.26.W28
_bG73 1990
082 0 0 _a516.3/6
_219
100 1 _aGray, Alfred,
_d1939-1998.
_eauthor
245 1 0 _aTubes /
_cAlfred Gray.
264 1 _aRedwood City, Calif. :
_bAddison-Wesley,
_cc1990.
300 _axii, 283 pages :
_billustrations ;
_c24 cm.
336 _atext
_btxt
_2rdacontent
337 _aunmediated
_bn
_2rdamedia
338 _avolume
_bnc
_2rdacarrier
500 _aIncludes bibliographical references (p. 261-274).
650 0 _aWeyl's problem.
650 0 _aGeometry, Differential.
906 _a7
_bcbc
_corignew
_d1
_eocip
_f19
_gy-gencatlg
942 _2ddc
_cBK